Countries with the most Overseas territories - Statistics

General Stats
  • This quiz has been taken 67 times
  • The average score is 6 of 8
Answer Stats
Overseas territories Answer % Correct
16 France
98%
17 UK
98%
14 USA
95%
6 Australia
79%
3 New Zealand
74%
2 Denmark
72%
3 Norway
70%
1 Finland
35%
No matching quizzes found
Score Distribution
Percent of People with Each Score
Percentile by Number Answered
Your Score History
You have not taken this quiz